000 00344nam a2200133Ia 4500
999 _c19057
_d19057
082 _aTR.0034
100 _aRewal, Veena
245 0 _aReinforcement in figure-ground perception : A chronometric study
260 _c1983
_bUniversity of Delhi
300 _a221p. + C D - 51
650 _aPERCEPTION
710 _aBroota, K.D.
942 _cTH
_2ddc